| 000 | 00763nam a22002417a 4500 | ||
|---|---|---|---|
| 005 | 20251108172521.0 | ||
| 008 | 250721s1997 xx 000 0 ara d | ||
| 082 | 1 | 4 | _a216.534/درك |
| 100 | 1 | _aدركزلي، شذى سليمان | |
| 245 | 1 | 0 | _aالمرأة المسلمة في مواجهة التحديات المعاصرة / |
| 264 | 1 |
_aعمان : _bالروائع للنشر، _c1997. |
|
| 300 | _a135ص. | ||
| 650 | 1 | 7 | _aالمرأة المسلمة |
| 650 | 1 | 7 | _aالقرآن |
| 650 | 1 | 7 | _aالنساء المسلمات |
| 650 | 1 | 7 | _aالمرأةالعاملة |
| 650 | 1 | 7 | _aالأسرة |
| 650 | 1 | 7 | _aالزواج |
| 650 | 1 | 7 | _aالمشاركة المرأة |
| 653 | _aالمرأة المعاصرة | ||
| 942 |
_2ddc _cBK |
||
| 999 |
_c81371 _d81371 |
||